[Event "CZE-chT2D 2223"]
[Site "Czech Republic"]
[Date "2023.02.19"]
[Round "9.4"]
[White "Pokorny, Tomas"]
[Black "Novak, Ales"]
[Result "1-0"]
[WhiteElo "2243"]
[BlackElo "2112"]
[PlyCount "151"]
[EventDate "2022.10.16"]
[EventType "team-tourn"]
[EventRounds "11"]
[EventCountry "CZE"]
[SourceTitle "EXT 2024"]
[Source "ChessBase"]
[SourceDate "2023.10.10"]
[SourceVersion "1"]
[SourceVersionDate "2023.10.10"]
[SourceQuality "1"]
[WhiteTeam "Lanskroun"]
[BlackTeam "Policka Stefanydes"]
[WhiteTeamCountry "CZE"]
[BlackTeamCountry "CZE"]

1. d4 d5 2. c4 c6 3. Nf3 Nf6 4. Nc3 e6 5. cxd5 exd5 6. Bg5 h6 7. Bh4 Be7 8. Qc2 0-0 9. e3 Re8 10. Bd3 Ne4 11. Bxe7 Qxe7 12. Bxe4 dxe4 13. Nd2 Bf5 14. 0-0 Nd7 15. Rfc1 Nf6 16. Rab1 Rac8 17. b4 Nd5 18. Qa4 Nxc3 19. Rxc3 Be6 20. a3 a6 21. Qa5 Bd5 22. Rbc1 Qd8 23. Qxd8 Rcxd8 24. Rc5 Kf8 25. Kf1 Ke7 26. Nc4 Bxc4+ 27. R1xc4 Rd6 28. Re5+ Re6 29. Rxe6+ Kxe6 30. Ke2 Kd6 31. f3 f5 32. Rc5 g6 33. f4 b6 34. Re5 Ra8 35. Kd2 a5 36. bxa5 Rxa5 37. Rxa5 bxa5 38. Kc3 c5 39. Kc4 cxd4 40. Kxd4 h5 41. h4 Kc6 42. Kc4 Kb6 43. a4 Kc6 44. g3 Kd6 45. Kb5 Kd5 46. Kxa5 Kc4 47. Kb6 Kd3 48. a5 Kxe3 49. a6 Kf2 50. a7 e3 51. a8Q e2 52. Qa2 Kf1 53. Qe6 e1Q 54. Qxg6 Qb1+ 55. Kc7 Kf2 56. Qxh5 Kxg3 57. Qg5+ Kf3 58. h5 Qc2+ 59. Kd6 Ke4 60. h6 Qd3+ 61. Ke7 Qa3+ 62. Kf7 Qb3+ 63. Kg6 Qb6+ 64. Kh5 Qc7 65. Qg2+ Ke3 66. Qg7 Qxf4 67. Qg5 Qxg5+ 68. Kxg5 f4 69. h7 f3 70. h8Q f2 71. Qh1 Ke2 72. Qe4+ Kf1 73. Kg4 Kg1 74. Qe3 Kh1 75. Qh3+ Kg1 76. Kg3 1-0

[Event "CZE-chT2D 2223"]
[Site "Czech Republic"]
[Date "2023.02.05"]
[Round "8.4"]
[White "Nemec, Pavel"]
[Black "Pokorny, Tomas"]
[Result "1/2-1/2"]
[WhiteElo "2164"]
[BlackElo "2243"]
[PlyCount "32"]
[EventDate "2022.10.16"]
[EventType "team-tourn"]
[EventRounds "11"]
[EventCountry "CZE"]
[SourceTitle "EXT 2024"]
[Source "ChessBase"]
[SourceDate "2023.10.10"]
[SourceVersion "1"]
[SourceVersionDate "2023.10.10"]
[SourceQuality "1"]
[WhiteTeam "Hradec Kralove Slavia"]
[BlackTeam "Lanskroun"]
[WhiteTeamCountry "CZE"]
[BlackTeamCountry "CZE"]

1. e4 c5 2. Nf3 e6 3. d4 cxd4 4. Nxd4 a6 5. Nc3 Qc7 6. g3 Nf6 7. Bg2 Be7 8. 0-0 0-0 9. Be3 d6 10. a4 Nc6 11. Nxc6 bxc6 12. a5 Nd7 13. Na4 Bb7 14. Nb6 Rad8 15. Nxd7 Rxd7 16. Bb6 Qc8 1/2-1/2

[Event "CZE-chT2D 2223"]
[Site "Czech Republic"]
[Date "2022.12.18"]
[Round "5.4"]
[White "Voriskova, Anna"]
[Black "Pokorny, Tomas"]
[Result "1/2-1/2"]
[WhiteElo "1743"]
[BlackElo "2243"]
[PlyCount "84"]
[EventDate "2022.10.16"]
[EventType "team-tourn"]
[EventRounds "11"]
[EventCountry "CZE"]
[SourceTitle "EXT 2024"]
[Source "ChessBase"]
[SourceDate "2023.10.10"]
[SourceVersion "1"]
[SourceVersionDate "2023.10.10"]
[SourceQuality "1"]
[WhiteTeam "Hradec Kralove Lipky"]
[BlackTeam "Lanskroun"]
[WhiteTeamCountry "CZE"]
[BlackTeamCountry "CZE"]

1. d4 d5 2. c4 e6 3. Nc3 Nf6 4. cxd5 exd5 5. Bg5 Nbd7 6. e3 Be7 7. Nf3 0-0 8. Bd3 b6 9. 0-0 Bb7 10. Rc1 c5 11. Bb1 Rc8 12. Nh4 Ne4 13. Bxe7 Qxe7 14. Nf5 Qf6 15. Nxe4 dxe4 16. Qg4 Rfe8 17. Nxg7 Qxg7 18. Qxd7 Ba6 19. Rfe1 Bd3 20. dxc5 Qxb2 21. Bxd3 exd3 22. Qxd3 bxc5 23. Rc4 Red8 24. Qf5 Qb6 25. Rh4 h6 26. Qe5 Rd6 27. Rc1 c4 28. h3 Qc6 29. Rhxc4 Qxc4 30. Rxc4 Rd1+ 31. Kh2 Rxc4 32. Qb8+ Kg7 33. Qxa7 Rd2 34. Qb8 Rxa2 35. Qe5+ Kg8 36. Qf6 Rcc2 37. Kg3 Rd2 38. e4 Ra3+ 39. Kh4 Raa2 40. Qxh6 Rxf2 41. Qg5+ Kh7 42. g3 Ra6 1/2-1/2

[Event "CZE-chT2D 2223"]
[Site "Czech Republic"]
[Date "2022.12.04"]
[Round "4.4"]
[White "Pokorny, Tomas"]
[Black "Opravil, Karel"]
[Result "1/2-1/2"]
[WhiteElo "2243"]
[BlackElo "2083"]
[PlyCount "118"]
[EventDate "2022.10.16"]
[EventType "team-tourn"]
[EventRounds "11"]
[EventCountry "CZE"]
[SourceTitle "EXT 2024"]
[Source "ChessBase"]
[SourceDate "2023.10.10"]
[SourceVersion "1"]
[SourceVersionDate "2023.10.10"]
[SourceQuality "1"]
[WhiteTeam "Lanskroun"]
[BlackTeam "Zabreh"]
[WhiteTeamCountry "CZE"]
[BlackTeamCountry "CZE"]

1. d4 Nf6 2. c4 e6 3. g3 d5 4. Bg2 Bb4+ 5. Bd2 Be7 6. Nf3 c6 7. 0-0 Nbd7 8. Qc2 0-0 9. Nc3 b6 10. cxd5 cxd5 11. Rfc1 Bb7 12. Qa4 a6 13. e3 b5 14. Qb3 Qb6 15. a4 bxa4 16. Qxa4 Rfc8 17. Bf1 Kf8 18. Qa2 Ne4 19. Nxe4 dxe4 20. Ba5 Qd6 21. Nd2 Bd5 22. Qa4 Bc6 23. Qd1 g6 24. b4 Qb8 25. Rab1 Qb7 26. Nb3 Ba4 27. Qd2 Bxb3 28. Rxb3 Nf6 29. Bg2 Rxc1+ 30. Qxc1 Rc8 31. Rc3 Rxc3 32. Qxc3 Kg7 33. Qc4 Qb5 34. Bf1 Qxc4 35. Bxc4 Nd5 36. b5 axb5 37. Bxb5 Bb4 38. Bd8 Be7 39. Bxe7 Nxe7 40. Kf1 Nd5 41. Bc6 Nf6 42. Ke2 Kf8 43. f3 exf3+ 44. Kxf3 Ke7 45. Ba4 Nd5 46. e4 Nc3 47. Bb3 f5 48. e5 g5 49. Ke3 h6 50. Bc4 Na4 51. d5 exd5 52. Bxd5 Nc5 53. Kd4 Ne6+ 54. Ke3 Nc5 55. Bc4 Nd7 56. Kd4 f4 57. gxf4 gxf4 58. Be2 h5 59. Bxh5 Nxe5 1/2-1/2

[Event "CZE-chT2D 2223"]
[Site "Czech Republic"]
[Date "2022.11.06"]
[Round "2.4"]
[White "Pokorny, Tomas"]
[Black "Jirsa, Lukas"]
[Result "1-0"]
[WhiteElo "2243"]
[BlackElo "2008"]
[PlyCount "143"]
[EventDate "2022.10.16"]
[EventType "team-tourn"]
[EventRounds "11"]
[EventCountry "CZE"]
[SourceTitle "EXT 2024"]
[Source "ChessBase"]
[SourceDate "2023.10.10"]
[SourceVersion "1"]
[SourceVersionDate "2023.10.10"]
[SourceQuality "1"]
[WhiteTeam "Lanskroun"]
[BlackTeam "Vysoke Myto"]
[WhiteTeamCountry "CZE"]
[BlackTeamCountry "CZE"]

1. d4 Nf6 2. c4 g6 3. Nc3 Bg7 4. g3 0-0 5. Bg2 c6 6. Nf3 d5 7. b3 Ne4 8. Bb2 Nd7 9. 0-0 Ndf6 10. Nd2 Bf5 11. e3 Re8 12. cxd5 cxd5 13. Ndxe4 Nxe4 14. Nxe4 dxe4 15. g4 Bd7 16. Bxe4 Qb6 17. Qf3 Rab8 18. Rfc1 Rec8 19. Qe2 Rxc1+ 20. Rxc1 Qa5 21. a3 Be6 22. Rc5 Qd8 23. b4 b6 24. Rc1 Rc8 25. Rxc8 Qxc8 26. h3 Bc4 27. Qc2 Qe6 28. Bf3 b5 29. Qe4 Qxe4 30. Bxe4 e6 31. f3 Bf6 32. Bb7 Bd5 33. Bxd5 exd5 34. Bc3 Kf8 35. Be1 Ke7 36. Kf2 g5 37. Ke2 Ke6 38. Kd3 Be7 39. Bg3 f6 40. h4 h6 41. h5 Bd8 42. e4 Be7 43. Bb8 a6 44. Ba7 Bd6 45. Bc5 Bf4 46. Kc2 Be3 47. Kb3 Bf2 48. a4 Be3 49. axb5 axb5 50. Kc3 Bf2 51. Kd2 Bg3 52. Ke2 Bf4 53. Kd3 Bg3 54. Bf8 Be1 55. Bxh6 Bxb4 56. e5 Be7 57. Bg7 fxe5 58. Bxe5 Bf8 59. Bc7 Kd7 60. Bb6 Bg7 61. Bc5 Ke6 62. Kc3 Kd7 63. Kb4 Kc6 64. Ka5 Bh6 65. Be7 Bg7 66. Bxg5 Bxd4 67. Bd2 Bf6 68. Kb4 Be7+ 69. Kb3 Kd7 70. h6 Bf8 71. g5 Ke6 72. g6 1-0

[Event "Pardubice Region-chT 2223"]
[Site "Czech Republic"]
[Date "2022.10.09"]
[Round "1.2"]
[White "Houska, Bronislav"]
[Black "Pokorny, Tomas"]
[Result "0-1"]
[WhiteElo "1977"]
[BlackElo "2243"]
[PlyCount "92"]
[EventDate "2022.10.09"]
[EventType "team-tourn"]
[EventRounds "11"]
[EventCountry "CZE"]
[SourceTitle "EXT 2024"]
[Source "ChessBase"]
[SourceDate "2023.10.10"]
[SourceVersion "1"]
[SourceVersionDate "2023.10.10"]
[SourceQuality "1"]

1. c4 c5 2. g3 Nf6 3. Bg2 d5 4. cxd5 Nxd5 5. Nf3 Nc6 6. 0-0 e5 7. Nc3 Nc7 8. a3 Be7 9. b4 a6 10. Rb1 0-0 11. bxc5 Bxc5 12. Na4 Ba7 13. Qc2 Nb5 14. Bb2 Qe7 15. Rfc1 Bg4 16. Nc5 Rac8 17. a4 Nbd4 18. Nxd4 Nxd4 19. Bxd4 exd4 20. Qe4 Qg5 21. h4 Qf5 22. Qxf5 Bxf5 23. Be4 Rxc5 24. Rxc5 Bxe4 25. Rc7 Bxb1 26. Rxb7 Bc2 27. Rxa7 Bxa4 28. Rxa6 Bb5 29. Rd6 Bxe2 30. Rxd4 Re8 31. Kg2 g6 32. g4 Ba6 33. Kg3 Kg7 34. f4 Re1 35. f5 gxf5 36. gxf5 Bc8 37. Rd5 Kf6 38. Rd6+ Kxf5 39. Rh6 Re8 40. Kf3 Be6 41. Ke3 Ra8 42. Kf2 Re8 43. Ke3 f6 44. Kf3 Bg8 45. Kf2 Re5 46. Kf3 Ke6 0-1

[Event "CZE-chT2D 1920"]
[Site "Czech Republic"]
[Date "2020.02.23"]
[Round "9.3"]
[White "Pokorny, Tomas"]
[Black "Mojzis, Jan"]
[Result "1-0"]
[WhiteElo "2187"]
[BlackElo "2154"]
[PlyCount "69"]
[EventDate "2019.10.13"]
[EventType "team-tourn"]
[EventRounds "11"]
[EventCountry "CZE"]
[SourceTitle "EXT 2024"]
[Source "ChessBase"]
[SourceDate "2023.10.10"]
[SourceVersion "1"]
[SourceVersionDate "2023.10.10"]
[SourceQuality "1"]
[WhiteTeam "Lanskroun"]
[BlackTeam "Nachod Snezka"]
[WhiteTeamCountry "CZE"]
[BlackTeamCountry "CZE"]

1. d4 d5 2. c4 e6 3. Nf3 c5 4. cxd5 exd5 5. g3 Nc6 6. Bg2 Nf6 7. 0-0 Be7 8. Nc3 0-0 9. dxc5 Bxc5 10. Na4 Be7 11. Be3 Re8 12. Rc1 Bg4 13. Nc5 Bxc5 14. Bxc5 Qd7 15. Re1 Rad8 16. Nd4 h5 17. Nxc6 bxc6 18. Bd4 Re6 19. Qc2 h4 20. f3 Bh5 21. Bh3 hxg3 22. hxg3 Qc7 23. Kg2 Bg6 24. Qc5 Nh5 25. Bf2 f5 26. Qxa7 Qxa7 27. Bxa7 Ra8 28. Bc5 Rxa2 29. Ba3 Nf6 30. Kf2 Nh7 31. e4 Ng5 32. Bxf5 Bxf5 33. exf5 Rf6 34. Re8+ Kf7 35. Rf8# 1-0

[Event "CZE-chT2D 1920"]
[Site "Czech Republic"]
[Date "2019.12.01"]
[Round "4.2"]
[White "Komarek, David"]
[Black "Pokorny, Tomas"]
[Result "1/2-1/2"]
[WhiteElo "2132"]
[BlackElo "2187"]
[PlyCount "37"]
[EventDate "2019.10.13"]
[EventType "team-tourn"]
[EventRounds "11"]
[EventCountry "CZE"]
[SourceTitle "EXT 2024"]
[Source "ChessBase"]
[SourceDate "2023.10.10"]
[SourceVersion "1"]
[SourceVersionDate "2023.10.10"]
[SourceQuality "1"]
[WhiteTeam "Policka Stefanydes"]
[BlackTeam "Lanskroun"]
[WhiteTeamCountry "CZE"]
[BlackTeamCountry "CZE"]

1. d4 d5 2. Nf3 Nf6 3. c4 e6 4. Nc3 Nbd7 5. cxd5 exd5 6. Bg5 Bb4 7. Qb3 c5 8. e3 Qa5 9. Nd2 0-0 10. 0-0-0 c4 11. Qc2 b5 12. Ndb1 Re8 13. Be2 Bb7 14. Bf3 Bf8 15. a3 Qb6 16. Rhe1 Ne4 17. Nxe4 dxe4 18. Bg4 Qc7 19. Nc3 1/2-1/2

[Event "CZE-chT2D 1617"]
[Site "Czech Republic"]
[Date "2017.03.19"]
[Round "10.2"]
[White "Sabol, Marian"]
[Black "Pokorny, Tomas"]
[Result "1-0"]
[WhiteElo "2349"]
[BlackElo "2250"]
[PlyCount "57"]
[EventDate "2016.10.09"]
[EventType "team-tourn"]
[EventRounds "11"]
[EventCountry "CZE"]
[SourceTitle "EXT 2022"]
[Source "ChessBase"]
[SourceDate "2021.10.06"]
[SourceVersion "1"]
[SourceVersionDate "2021.10.06"]
[SourceQuality "1"]
[WhiteTeam "Vysoke Myto"]
[BlackTeam "Lanskroun"]
[WhiteTeamCountry "CZE"]
[BlackTeamCountry "CZE"]

1. e4 c5 2. Nf3 e6 3. c3 Nf6 4. e5 Nd5 5. d4 cxd4 6. cxd4 b6 7. Nc3 Nxc3 8. bxc3 Qc7 9. Bd2 Bb7 10. Bd3 d6 11. 0-0 Nd7 12. Bf4 Be7 13. Qe2 0-0 14. Rad1 Rac8 15. c4 dxe5 16. Nxe5 Bd6 17. Bg3 Nxe5 18. dxe5 Bc5 19. Bh4 Be7 20. Bf6 Rfd8 21. Bxh7+ Kxh7 22. Qh5+ Kg8 23. Qg5 Kf8 24. Bxg7+ Ke8 25. Qh6 Qc5 26. Qh8+ Bf8 27. Rd6 Ke7 28. Qh4+ Ke8 29. Bxf8 1-0

[Event "CZE-chT2D 1617"]
[Site "Czech Republic"]
[Date "2017.01.15"]
[Round "6.2"]
[White "Pokorny, Zdenek"]
[Black "Pokorny, Tomas"]
[Result "1/2-1/2"]
[WhiteElo "2265"]
[BlackElo "2250"]
[PlyCount "38"]
[EventDate "2016.10.09"]
[EventType "team-tourn"]
[EventRounds "11"]
[EventCountry "CZE"]
[SourceTitle "EXT 2022"]
[Source "ChessBase"]
[SourceDate "2021.10.06"]
[SourceVersion "1"]
[SourceVersionDate "2021.10.06"]
[SourceQuality "1"]
[WhiteTeam "Hradec Kralove II"]
[BlackTeam "Lanskroun"]
[WhiteTeamCountry "CZE"]
[BlackTeamCountry "CZE"]

1. e4 c5 2. Nf3 e6 3. d4 cxd4 4. Nxd4 a6 5. Bd3 Qc7 6. c4 Nc6 7. Nxc6 dxc6 8. Nc3 e5 9. Be3 Nf6 10. Qa4 Nd7 11. 0-0-0 Bc5 12. Rhe1 0-0 13. Kb1 Bxe3 14. Rxe3 Nc5 15. Qb4 Ne6 16. c5 a5 17. Qa3 b5 18. cxb6 Qxb6 19. Na4 Qb4 1/2-1/2

[Event "CZE-chT2D 1617"]
[Site "Czech Republic"]
[Date "2016.10.09"]
[Round "1.2"]
[White "Bukacek, Lubomir"]
[Black "Pokorny, Tomas"]
[Result "0-1"]
[WhiteElo "2113"]
[BlackElo "2250"]
[PlyCount "74"]
[EventDate "2016.10.09"]
[EventType "team-tourn"]
[EventRounds "11"]
[EventCountry "CZE"]
[SourceTitle "EXT 2022"]
[Source "ChessBase"]
[SourceDate "2021.10.06"]
[SourceVersion "1"]
[SourceVersionDate "2021.10.06"]
[SourceQuality "1"]
[WhiteTeam "Zdar nad Sazavou"]
[BlackTeam "Lanskroun"]
[WhiteTeamCountry "CZE"]
[BlackTeamCountry "CZE"]

1. d4 d5 2. c4 e6 3. Nc3 Nf6 4. cxd5 exd5 5. Bg5 Be7 6. e3 c6 7. Qc2 0-0 8. Bd3 Nbd7 9. Nf3 Re8 10. 0-0 Nf8 11. Rab1 Ne4 12. Bxe7 Qxe7 13. b4 a6 14. a4 Bf5 15. Rb3 Nxc3 16. Qxc3 Bxd3 17. Qxd3 Nd7 18. Rc1 Nb6 19. b5 cxb5 20. axb5 a5 21. Rbc3 Nc4 22. Nd2 Nxd2 23. Qxd2 Qd7 24. Qd3 Rec8 25. b6 a4 26. Rc7 Rxc7 27. Rxc7 Qe8 28. Qa3 Qb5 29. Qc1 g6 30. Rxb7 a3 31. Ra7 Rxa7 32. bxa7 Qb7 33. Qa1 Qxa7 34. e4 Qb6 35. exd5 Qb2 36. Qe1 Qxd4 37. Qe8+ Kg7 0-1

[Event "CZE-chT1E 1516"]
[Site "Czech Republic"]
[Date "2016.04.10"]
[Round "11.5"]
[White "Holemar, David"]
[Black "Pokorny, Tomas"]
[Result "1/2-1/2"]
[WhiteElo "2281"]
[BlackElo "2260"]
[PlyCount "54"]
[EventDate "2015.10.11"]
[EventType "team-tourn"]
[EventRounds "11"]
[EventCountry "CZE"]
[SourceTitle "EXT 2017"]
[Source "ChessBase"]
[SourceDate "2016.10.25"]
[SourceVersion "1"]
[SourceVersionDate "2016.10.25"]
[SourceQuality "1"]
[WhiteTeam "Brno Moravska Slavia"]
[BlackTeam "Policka"]
[WhiteTeamCountry "CZE"]
[BlackTeamCountry "CZE"]

1. d4 d5 2. Nf3 Nf6 3. c4 e6 4. Nc3 Nbd7 5. Qc2 Be7 6. e3 0-0 7. b3 b6 8. cxd5 exd5 9. Be2 Bb7 10. 0-0 c5 11. dxc5 bxc5 12. Rd1 Rc8 13. Bb2 Qb6 14. Rac1 Rfd8 15. Qb1 Nf8 16. h3 Ne6 17. Na4 Qd6 18. Be5 Qd7 19. Nc3 Nf8 20. Bd3 g6 21. Bf1 Qe6 22. Ne2 Nh5 23. Nf4 Nxf4 24. Bxf4 Bf6 25. Bg5 Bxg5 26. Nxg5 Qf6 27. Nf3 Ne6 1/2-1/2

[Event "CZE-chT1E 1516"]
[Site "Czech Republic"]
[Date "2016.02.14"]
[Round "8.5"]
[White "Pokorny, Tomas"]
[Black "Fuksik, Jakub"]
[Result "1/2-1/2"]
[WhiteElo "2260"]
[BlackElo "2189"]
[PlyCount "88"]
[EventDate "2015.10.11"]
[EventType "team-tourn"]
[EventRounds "11"]
[EventCountry "CZE"]
[SourceTitle "EXT 2017"]
[Source "ChessBase"]
[SourceDate "2016.10.25"]
[SourceVersion "1"]
[SourceVersionDate "2016.10.25"]
[SourceQuality "1"]
[WhiteTeam "Policka"]
[BlackTeam "Grygov"]
[WhiteTeamCountry "CZE"]
[BlackTeamCountry "CZE"]

1. d4 d5 2. c4 c6 3. Nf3 Nf6 4. Nc3 a6 5. e3 b5 6. b3 Bg4 7. Be2 e6 8. 0-0 Nbd7 9. Bb2 Bd6 10. Ne5 Bxe2 11. Nxe2 Rc8 12. Qd3 0-0 13. a4 bxc4 14. bxc4 a5 15. Nxd7 Qxd7 16. c5 Bc7 17. Rfb1 Qe7 18. f4 Ra8 19. Bc3 Ne4 20. Be1 f6 21. Ng3 Nxg3 22. Bxg3 Ra7 23. Rf1 Rb8 24. Rab1 Rd8 25. Qc3 Re8 26. Qd3 Rd8 27. Rb2 Re8 28. Rfb1 Rea8 29. Rb7 f5 30. Be1 Qe8 31. R1b2 Qc8 32. Qb1 Qe8 33. Rxa7 Rxa7 34. Rb7 Qa8 35. Rb3 Qc8 36. h3 Qa6 37. Bh4 Qe2 38. Kh2 h6 39. Rb7 Qa6 40. Rb2 Qc4 41. Rb7 Qa6 42. Rb3 Kf7 43. Kg1 Qe2 44. Bf2 Qc4 1/2-1/2

[Event "CZE-chT2D 1516"]
[Site "Czech Republic"]
[Date "2015.11.08"]
[Round "2.2"]
[White "Pokorny, Tomas"]
[Black "Zapletal, Jiri"]
[Result "1/2-1/2"]
[WhiteElo "2250"]
[BlackElo "2156"]
[PlyCount "75"]
[EventDate "2015.10.18"]
[EventType "team-tourn"]
[EventRounds "11"]
[EventCountry "CZE"]
[SourceTitle "EXT 2022"]
[Source "ChessBase"]
[SourceDate "2021.10.06"]
[SourceVersion "1"]
[SourceVersionDate "2021.10.06"]
[SourceQuality "1"]
[WhiteTeam "Usti nad Orlici"]
[BlackTeam "Zabreh"]
[WhiteTeamCountry "CZE"]
[BlackTeamCountry "CZE"]

1. d4 d6 2. e4 Nf6 3. Nc3 e5 4. dxe5 dxe5 5. Qxd8+ Kxd8 6. Bc4 Be6 7. Bxe6 fxe6 8. f3 Nbd7 9. Nge2 a6 10. Be3 Bc5 11. Kf2 Ke7 12. Bxc5+ Nxc5 13. Rad1 Rad8 14. Nc1 Rhf8 15. Ke3 Rd6 16. Nd3 Nxd3 17. Rxd3 Rfd8 18. Rhd1 Rxd3+ 19. Rxd3 Rd6 20. Na4 Rxd3+ 21. Kxd3 Nd7 22. c4 Kd6 23. b4 b6 24. Ke3 c5 25. b5 a5 26. h4 Ke7 27. Kd3 Kf6 28. Ke3 g6 29. Nb2 h6 30. Nd3 g5 31. h5 Ke7 32. g3 Kf7 33. Kf2 Ke7 34. Kg2 Kd6 35. Kh3 Ke7 36. Nf2 Nf6 37. Ng4 Nxg4 38. Kxg4 1/2-1/2

[Event "CZE-chT2D 1415"]
[Site "Czech Republic"]
[Date "2015.03.15"]
[Round "9.4"]
[White "Vesely, Tomas"]
[Black "Pokorny, Tomas"]
[Result "0-1"]
[WhiteElo "2079"]
[BlackElo "2266"]
[PlyCount "68"]
[EventDate "2014.11.02"]
[EventType "team-tourn"]
[EventRounds "11"]
[EventCountry "CZE"]
[SourceTitle "EXT 2022"]
[Source "ChessBase"]
[SourceDate "2021.10.06"]
[SourceVersion "1"]
[SourceVersionDate "2021.10.06"]
[SourceQuality "1"]
[WhiteTeam "Pardubice AKIS"]
[BlackTeam "Policka Stefanydes"]
[WhiteTeamCountry "CZE"]
[BlackTeamCountry "CZE"]

1. e4 c5 2. Nf3 e6 3. b3 d6 4. Bb2 Nf6 5. e5 dxe5 6. Nxe5 Be7 7. f4 0-0 8. Qf3 Qc7 9. Na3 Bd7 10. Bd3 Bc6 11. Qh3 Be4 12. Bxe4 Nxe4 13. d3 Qa5+ 14. c3 Nf6 15. 0-0 Nbd7 16. c4 Rad8 17. Nb5 a6 18. Nc3 Qc7 19. Rae1 Bd6 20. Ne4 Nxe4 21. Nxd7 Rxd7 22. Rxe4 Rfd8 23. f5 exf5 24. Rxf5 Bf8 25. Rf3 Re7 26. Rfe3 Rxe4 27. Rxe4 Qa5 28. Qh4 Rd6 29. h3 Qxa2 30. Bxg7 Kxg7 31. Re8 Rg6 32. Qe4 Qa1+ 33. Kf2 Bd6 34. Qxb7 Bg3+ 0-1

[Event "CZE-chT2D 1415"]
[Site "Czech Republic"]
[Date "2014.11.30"]
[Round "3.4"]
[White "Richterova, Natasa"]
[Black "Pokorny, Tomas"]
[Result "1/2-1/2"]
[WhiteElo "2073"]
[BlackElo "2266"]
[PlyCount "85"]
[EventDate "2014.11.02"]
[EventType "team-tourn"]
[EventRounds "11"]
[EventCountry "CZE"]
[SourceTitle "EXT 2022"]
[Source "ChessBase"]
[SourceDate "2021.10.06"]
[SourceVersion "1"]
[SourceVersionDate "2021.10.06"]
[SourceQuality "1"]
[WhiteTeam "Jicin II"]
[BlackTeam "Policka Stefanydes"]
[WhiteTeamCountry "CZE"]
[BlackTeamCountry "CZE"]

1. e4 c5 2. Nf3 e6 3. d4 cxd4 4. Nxd4 a6 5. Bd3 Nc6 6. Nxc6 dxc6 7. 0-0 e5 8. a4 Nf6 9. Na3 Be6 10. Bg5 Be7 11. Qe2 Nd7 12. Bxe7 Qxe7 13. a5 0-0 14. Bc4 Rfd8 15. Bxe6 Qxe6 16. Nc4 Nf8 17. b3 Qe7 18. c3 Ne6 19. g3 f6 20. Rfd1 Rxd1+ 21. Rxd1 Rd8 22. Rxd8+ Qxd8 23. Nb6 Qd6 24. Qc4 Kf7 25. Kg2 g5 26. h3 h5 27. Qe2 Kg6 28. Nc4 Qd8 29. Qf3 Ng7 30. Qe3 Ne6 31. Qf3 Ng7 32. Kh2 Qd7 33. Qe3 Ne6 34. Qb6 Qd3 35. Qxb7 h4 36. Qb6 hxg3+ 37. fxg3 Qe2+ 38. Kg1 Qe1+ 39. Kh2 Qe2+ 40. Kg1 Qxe4 41. Qb8 Qe1+ 42. Kg2 Qe2+ 43. Kg1 1/2-1/2

[Event "CZE-chT2D 1314"]
[Site "Czech Republic"]
[Date "2014.02.16"]
[Round "8.4"]
[White "Smutny, Jan"]
[Black "Pokorny, Tomas"]
[Result "0-1"]
[WhiteElo "2170"]
[BlackElo "2247"]
[PlyCount "80"]
[EventDate "2013.11.03"]
[EventType "team-tourn"]
[EventRounds "11"]
[EventCountry "CZE"]
[SourceTitle "EXT 2016"]
[Source "ChessBase"]
[SourceDate "2015.10.08"]
[SourceVersion "1"]
[SourceVersionDate "2015.10.08"]
[SourceQuality "1"]
[WhiteTeam "Pardubice AKIS"]
[BlackTeam "Policka"]
[WhiteTeamCountry "CZE"]
[BlackTeamCountry "CZE"]

1. e4 c5 2. c3 Nf6 3. e5 Nd5 4. d4 cxd4 5. cxd4 d6 6. Nf3 Nc6 7. exd6 Qxd6 8. Nc3 g6 9. Bc4 Nxc3 10. bxc3 Bg7 11. 0-0 0-0 12. a4 Rd8 13. Ng5 e6 14. Qf3 Qe7 15. Ne4 h6 16. Ba3 Qc7 17. Ba2 b6 18. h4 Bb7 19. Rfe1 Na5 20. Qg4 h5 21. Qf3 Bxe4 22. Rxe4 Nc4 23. Bc1 Rac8 24. Bg5 Rd5 25. Qe2 Rd7 26. Re1 Kh7 27. g4 hxg4 28. Qxg4 f5 29. Qh3 fxe4 30. h5 gxh5 31. Rxe4 Rd5 32. Qxh5+ Kg8 33. Rh4 Qf7 34. Qh7+ Kf8 35. f4 Rxg5+ 36. fxg5 Nd2 37. Bxe6 Bxd4+ 38. cxd4 Rc1+ 39. Kh2 Qf2+ 40. Kh3 Qf3+ 0-1

[Event "CZE-chT2D 1314"]
[Site "Czech Republic"]
[Date "2014.01.05"]
[Round "5.4"]
[White "Pokorny, Tomas"]
[Black "Machan, Jan"]
[Result "1/2-1/2"]
[WhiteElo "2247"]
[BlackElo "2144"]
[PlyCount "99"]
[EventDate "2013.11.03"]
[EventType "team-tourn"]
[EventRounds "11"]
[EventCountry "CZE"]
[SourceTitle "EXT 2016"]
[Source "ChessBase"]
[SourceDate "2015.10.08"]
[SourceVersion "1"]
[SourceVersionDate "2015.10.08"]
[SourceQuality "1"]
[WhiteTeam "Policka"]
[BlackTeam "Polabiny III"]
[WhiteTeamCountry "CZE"]
[BlackTeamCountry "CZE"]

1. d4 d5 2. c4 c6 3. Nc3 Nf6 4. Nf3 Bf5 5. Qb3 Qb6 6. c5 Qxb3 7. axb3 Na6 8. Bf4 Nh5 9. Bg3 Nxg3 10. hxg3 Nc7 11. e3 a6 12. Kd2 h6 13. Ne5 g6 14. g4 Be6 15. g5 Bg7 16. gxh6 Rxh6 17. Rxh6 Bxh6 18. Bd3 Bg7 19. f4 0-0-0 20. Rh1 Rh8 21. Rxh8+ Bxh8 22. Ke2 Kd8 23. Kf3 Ke8 24. g4 Bf6 25. f5 gxf5 26. gxf5 Bc8 27. Na4 Na8 28. Kf4 e6 29. Ng4 Bh4 30. f6 Kd8 31. Bh7 Nc7 32. Ne5 Ne8 33. Bg8 Nxf6 34. Bxf7 Ne4 35. Nb6 Bg3+ 36. Kg4 Bxe5 37. dxe5 Nxc5 38. Nxc8 Kxc8 39. b4 Nd3 40. Bxe6+ Kd8 41. Kf5 Ke7 42. Bc8 b5 43. Bxa6 Nxb4 44. Bb7 c5 45. e6 Nd3 46. Bxd5 Nxb2 47. Ke5 Na4 48. Bc6 Nc3 49. Bxb5 Nxb5 50. Kd5 1/2-1/2

[Event "CZE-chT2D 1314"]
[Site "Czech Republic"]
[Date "2013.11.03"]
[Round "1.4"]
[White "Kacirek, Petr"]
[Black "Pokorny, Tomas"]
[Result "1/2-1/2"]
[WhiteElo "2278"]
[BlackElo "2247"]
[PlyCount "36"]
[EventDate "2013.11.03"]
[EventType "team-tourn"]
[EventRounds "11"]
[EventCountry "CZE"]
[SourceTitle "EXT 2016"]
[Source "ChessBase"]
[SourceDate "2015.10.08"]
[SourceVersion "1"]
[SourceVersionDate "2015.10.08"]
[SourceQuality "1"]
[WhiteTeam "Rychnov nad Kneznou"]
[BlackTeam "Policka"]
[WhiteTeamCountry "CZE"]
[BlackTeamCountry "CZE"]

1. d4 d5 2. Nf3 Nf6 3. c3 c5 4. Bf4 Nc6 5. e3 Qb6 6. Qb3 c4 7. Qxb6 axb6 8. Be2 Bf5 9. 0-0 b5 10. Ne5 e6 11. g4 Nxe5 12. gxf5 Nc6 13. fxe6 fxe6 14. Nd2 b4 15. cxb4 Bxb4 16. Nf3 Kd7 17. Ne5+ Nxe5 18. Bxe5 Bd6 1/2-1/2